vufinder Bibliothèque Municipale de Charleval de Provence
Se connecter

secret de l'éventail (Le)

Book Cover
Auteur principal: Serena Blasco Illustrateur
D'autres auteurs: Nancy Springer
Support: Livres
Langue: Francais
Publié: DL 2017 Jungle [Bruxelles]
Series: Les enquêtes d'Enola Holmes
Genre: Bande Dessinée enfant ado
Collection: Les enquêtes d'Enola Holmes
Sujets:
Étiquettes: Ajouter
Pas de Tags !

LEADER 00775nam0a2200217 450
001 16828098
010 |a 978-2-8222-2040-8  |b rel.  |d 12,95 € 
100 |a 20170620d2026 u u0frey01 ba 
101 0 |a fre 
102 |a BE 
200 0 |a secret de l'éventail (Le)  |f Serena Blasco  |g d'après le roman de Nancy Springer 
207 1 |a   
210 |a [Bruxelles]  |c Jungle  |d DL 2017 
215 |a 1 vol. (66p.)  |c ill. en coul.  |d 31 cm 
225 1 |a Les enquêtes d'Enola Holmes  |v 4 
461 0 |t Les enquêtes d'Enola Holmes  |v 4 
700 0 |a Blasco  |b Serena  |c Illustrateur  |4 70 
702 0 |a Springer  |b Nancy  |f 1948-....  |4 100 
900 |a Bande Dessinée enfant ado 
901 |a Accessible au prêt 
995 |a Bibliothèque  |c Bibliothèque  |f 024018291  |h 024018291  |k BD BLA  |o p  |q j  |r az  |e Bibliothèque 

Options de recherche

Historique de recherche
Recherche avancée

Trouver plus

Nouveautés

Besoin d'aide ?

Contacter un bibliothécaire